Представление документа в формате MARC21

ПолеНазваниеЗначение
  Тип записи a
  Библиографический уровень m
001 Контрольный номер BIBLIOCLUB\0000698713
005 Дата корректировки 20260430154851.9
006 m o d
007 Элементы данных для физической характеристики c|||||||||||||
008 Кодируемые данные s2022 rus o rus d
020 Индекс ISBN __
a ISBN 978-5-9275-4183-6 (Ч. 1). – ISBN 978-5-9275-4182-9
041 Код языка издания 0_
a Код языка текста rus
084 Индекс другой классификации/Индекс ББК __
a Индекс другой классификации/Индекс ББК 16.333я73
b Номер единицы LBC/PL
2 Источник индекса rubbk
084 Индекс другой классификации/Индекс ББК __
a Индекс другой классификации/Индекс ББК 22.195.5я73
b Номер единицы LBC/PL
2 Источник индекса rubbk
100 Автор 1_
a Автор Мунтян Е. Р.
245 Заглавие 10
a Заглавие Математические и алгоритмические основы построения интеллектуальных систем
b Продолж. заглавия учебное пособие
c Ответственность Е. Р. Мунтян, Н. Е. Сергеев
c Ответственность Южный федеральный университет
n Номер части/ раздела Ч. 1
260 Выходные данные __
a Место издания Ростов-на-Дону, Таганрог
b Издательство Южный федеральный университет
c Дата издания 2022
300 Физическое описание __
a Объем 144 с.
b Иллюстрации/ тип воспроизводства ил., табл.
504 Библиография __
a Библиография Библиогр. в кн
653 Ключевые слова 1_
a Ключевые слова Учебник для высшей школы
700 Другие авторы _1
a Другие авторы Сергеев Н. Е.
856 Электронный адрес документа 40
3 Область применения данных поля Университетская библиотека ONLINE
u URL https://biblioclub.ru/index.php?page=book&id=698713
900 Электронные ресурсы __
a Имя электронного ресурса https://img.biblioclub.ru/sm_cover/c1953b7eeb8b103eda7b48a63808f204br88pbrisa/cover.jpg